02019nam a2200565 i 450000100060000000300090000600500170001500800390003201500180007103500230008903500360011203500140014803500200016203500230018203500440020504000280024904100130027704600090029008000080029908000070030708000070031410000240032124501130034524600810045826000550053930000400059433600270063433700540066133800280071538000160074338000230075938800140078238800140079650400440081052101700085465000130102465000140103765000220105165000160107365500150108965800110110465800280111570000450114371000400118885600980122894200120132699900170133895200490135595200490140425930KOSZ 00520200805115855.0200805s1974 pl a f 001 0 pol aUWD 1974/2927 a991028630989705066 a(PL-WaBN)b17746322-48omnis_nlop ab17746322 a(OCoLC)69564126 a(PL)b0000001774632 a(EXLNZ-48OMNIS_NETWORK)9910525054005606 aWA NcWA NdKOSZ 005/RW1 apolhsla k1970 a678 a66 a541 aRado, RudolfeAutor10aReakcje polimerów inicjowane przez nadtlenki /cRudolf Rado ; ze słowackiego tłumaczył Lech Zakrzewski.1 iTytuł oryginału:aPremenné reakcie polymérov budené peroxidmi,f1970 aWarszawa :bWydawnictwa Naukowo-Techniczne,c1974. a218, [2] stron :bwykresy ;c21 cm. aTekstbtxt2rdacontent aBez urządzenia pośredniczącegobn2rdamedia aWoluminbnc2rdacarrier aKsiążki aPublikacje naukowe1 a1901-20001 a1945-1989 aBibliografia przy rozdziałach. Indeks.8 aKsiążka jest przeznaczona dla pracowników instytutów naukowo-badawczych, specjalizujących się w chemii i technologii związków wielkocząsteczkowych. 7aPolimery 7aNadtlenki 7aTworzywa sztuczne 7aTechnologia 7aMonografia aChemia aInżynieria i technika1 aZakrzewski, Lechc(chemik)eTłumaczenie2 aWydawnictwa Naukowo-Techniczne4pbl uhttp://koha.tu.koszalin.pl/cgi-bin/koha/opac-detail.pl?biblionumber=25930yKatalog online BPK 2UKDcKS c25930d25930 00104070aBPKbBPKcwo16989p02102092yKS 00104070aBPKbBPKcwo16990p01739480yKS